000 00760nam a2200241Ia 4500
003 OSt
005 20220923215455.0
006 a|||||r|||| 00| 0
007 ta
008 220922b |||||||| |||| 00| 0 hin d
024 _a179,098
037 _cTextual
040 _aARTS
_cARTS
_bhin
041 _2hin
_ahin
082 _aO152,1M89,18:g, L71;2
100 _aप्रेमशंकर
245 0 _aकामायनी का रचना संसार
246 _aKāmāyanī kā rachanā sansāra
260 _aइलाहाबाद
_b भारती भण्डार
_c1977
300 _a186 पृ.
_ccm.
942 _hO152,1M89,18:g, L71;2
_cTEXL
_2CC
999 _c332479
_d332479